01111nam a22002897a 4500003000500000005001700005008004100022010001000063011001000073035001100083040000900094100003700103245018600140260004000326300002600366502007500392530003600467650004100503650003000544650004300574650002900617650002800646650003700674700003000711856006400741856001600805CHAP20220329143328.0080820s2008 mx a r 00010 spa d a95041 a96013 a106652 cCHAP1 aCalzada Marín, Jesús Miguel.10aCaracterización socioeconómica, técnica y ambiental de una empresa bovina de doble propósito en Teapa, Tabascoc/por Jesús Miguel Calzada Marín y Claudio Pérez Pérez aChapingo, Méx. :bEl autor,c2008 aiii, 88 h. :bcuadros aTesis (Ing. Agr. Esp. en Zootecnia) -- UACH. Departamento de Zootecnia aTambién disponible en línea14aAnimalesxEfecto del medio ambiente.14aGanaderíaxAgricultura.14aGanado vacunoxCostos de producción.14aGanado vacunoxPastoreo.14aGanado vacunozTabasco.14aMedio ambientexContaminación.1 aPérez Pérez, Claudio. 3Finding aiduhttp://10.13.5.2/tesis/106652.pdfzTeclea aqui a1 n0001153